100 Celebrities by Their Eyes - Statistics

General Stats
  • This quiz has been taken 85 times
  • The average score is 46 of 100
Answer Stats
Picture Answer % Correct
Donald Trump
99%
Michael Jackson
94%
Taylor Swift
94%
Barack Obama
87%
Marilyn Monroe
87%
Mark Zuckerberg
83%
Leonardo DiCaprio
82%
Elvis Presley
79%
John Lennon
79%
Mahatma Gandhi
79%
Albert Einstein
78%
Jeffrey Epstein
77%
Joe Biden
76%
Mike Tyson
76%
Elton John
73%
George Washington
72%
Sabrina Carpenter
72%
Lady Gaga
71%
Ryan Gosling
71%
Bill Clinton
69%
Martin Luther King, Jr.
68%
Tom Cruise
68%
David Bowie
67%
Johnny Depp
67%
Abraham Lincoln
65%
Will Smith
65%
Selena Gomez
64%
Emma Stone
63%
George W. Bush
63%
Nicki Minaj
63%
Paul McCartney
63%
Bruce Lee
60%
Jennifer Lawrence
60%
Leonardo da Vinci
60%
Bill Gates
58%
Clint Eastwood
58%
Robert Downey, Jr.
58%
Angelina Jolie
56%
Meryl Streep
56%
Ray Charles
56%
Madonna
55%
Tom Hanks
55%
Ludwig van Beethoven
54%
Brad Pitt
53%
Ozzy Osbourne
53%
Stephen Hawking
51%
Justin Timberlake
50%
Kanye West
50%
Arnold Schwarzenegger
49%
Richard Nixon
49%
Keanu Reeves
47%
Benjamin Franklin
46%
Wolfgang Amadeus Mozart
46%
Charlie Kirk
44%
Benedict Cumberbatch
41%
Natalie Portman
41%
Jackie Chan
38%
Steve Jobs
38%
Tom Holland
38%
Avril Lavigne
37%
Jamie Foxx
37%
Theodore Roosevelt
37%
Robert de Niro
33%
Elon Musk
32%
Jim Morrison
32%
Mick Jagger
31%
Salma Hayek
31%
Dustin Hoffman
29%
Frank Sinatra
29%
Kurt Cobain
29%
Quentin Tarantino
29%
Nicole Kidman
28%
Steven Spielberg
28%
Nicolas Cage
27%
William Shakespeare
26%
Adam Sandler
24%
Jeff Goldblum
22%
Neil Armstrong
22%
Pope Francis
21%
Andrew Garfield
19%
Hugh Laurie
18%
Jimmy Carter
18%
Julius Caesar
18%
Marlon Brando
18%
Ronald Reagan
17%
Walt Disney
15%
Jodie Foster
14%
Ulysses S. Grant
13%
George Orwell
12%
Johnny Cash
10%
Eva Green
9%
Frances McDormand
9%
Leslie Nielsen
9%
Emilia Clarke
8%
Bruce Willis
6%
Sid Vicious
6%
Hideo Kojima
5%
Karl Marx
3%
Ron Perlman
3%
Todd Howard
3%
No matching quizzes found
Score Distribution
Percent of People with Each Score
Percentile by Number Answered
Your Score History
You have not taken this quiz